000 00478nam a2200193Ia 4500
005 20240921120820.0
008 240921s9999||||xx |||||||||||||| ||und||
041 _aENGLISH
082 _A658.4012 N2
100 _aThompson,Della
245 4 _aThe Business Strategy Game
250 _a2nd
260 _c1992
_bIrwin,Boston
500 _aA Global Industry Simulation
650 _aBusiness
_bManagement Studies
700 _a Stappenbeck
942 _cBK
999 _c247604
_d247604